| 000 | 01097nam a2200265 i 4500 | ||
|---|---|---|---|
| 001 | 188935 | ||
| 003 | SpMaBN | ||
| 005 | 20250806062553.0 | ||
| 008 | 190227s1992 sp |||| | spa d | ||
| 020 | _a84-7812-155-2 | ||
| 080 | _a373.3/.5(460.27 M.) | ||
| 080 | _a008(460)"18":008(4) | ||
| 100 | 1 |
_aHuertas Vázquez, Eduardo _964577 |
|
| 245 | 1 | 3 |
_aLa Institución Libre de Enseñanza y la cultura europea (1876-1900) / _cpor Eduardo Huertas Vázquez. |
| 260 |
_aMadrid : _bArtes Gráf. Municipales, _c1992. |
||
| 300 |
_a58 p. ; _c22 cm. |
||
| 490 | 1 |
_aCiclo de conferencias, Madrid, capital europea de la cultura ; _v24 |
|
| 594 | _aPrecede al tít.: Ayuntamiento de Madrid, Área de Cultura. Instituto de Estudios Madrileños del CSIC. | ||
| 610 | 2 | 7 |
_aInstitución Libre de Enseñanza. _94724 |
| 651 | 7 |
_aEspaña- _xCivilización- _xInfluencia europea. _9166502 |
|
| 710 | 2 |
_aInstituto de Estudios Madrileños _94916 |
|
| 830 | 0 |
_aCiclo de conferencias, Madrid, capital europea de la cultura ; _v24 _9183110 |
|
| 852 |
_aES-MaACL _j2338-F-7 |
||
| 999 |
_c188935 _d188935 |
||